Logo BPK

Biblioteka

Politechniki Koszalińskiej

Handbook of soil mechanics. Vol.1, Soil physics / (Rekord nr 43235)

Szczegóły MARC
000 -ETYKIETA REKORDU
podpole kontrolne o stałej długości 00577nam a2200217 i 4500
001 - NUMER KONTROLNY REKORDU
pole kontrolne bg
020 ## - MIĘDZYNARODOWY ZNORMALIZOWANY NUMER KSIĄŻKI - ISBN
ISBN 963 05 0088 4
040 ## - ŹRÓDŁO KATALOGOWANIA
Instytucja, która utworzyła rekord BPK
041 0# - KOD JĘZYKA
Kod języka tekstu en
080 ## - UNIWERSALNA KLASYFIKACJA DZIESIĘTNA - UKD
UKD 624.131
920 ## - Międzynarodowy znormalizowany numer książki – ISBN
ISBN 963 05 0088 4
008 - POLE O STAŁEJ DŁUGOŚCI - DANE KONTROLNE
podpole kontrolne o stałej długości s pl f |000 0 pol
100 1# - NAZWA OSOBOWA
Nazwa osobowa KÉZDI, Árpád
245 10 - TYTUŁ/ODPOWIEDZIALNOŚĆ
Tytuł Handbook of soil mechanics. Vol.1, Soil physics /
Pozostałe elementy strefy tytułu i oznaczenia odpowiedzialności by Árpád Kézdzi.
260 ## - STREFA ADRESU WYDAWNICZEGO
Miejsce wydania Budapest :
Nazwa wydawcy/dystrybutora Akadémiai Kiadó,
Data publikacji, dystrybucji/powstania dokumentu 1974.
300 ## - STREFA OPISU FIZYCZNEGO
Objętość 294 s. ;
Rozmiary il. +
Dokument towarzyszący 30 cm.
504 ## - UWAGA DOTYCZĄCA BIBLIOGRAFII
Informacje o bibliografii Bibliogr.
650 #9 - HASŁO PRZEDMIOTOWE W FORMIE NAZWY OGÓLNEJ LUB JEDNOSTKOWEJ
Nazwa ogólna lub geograficzna Mechanika gruntów
Określnik ogólny teoria
650 #9 - HASŁO PRZEDMIOTOWE W FORMIE NAZWY OGÓLNEJ LUB JEDNOSTKOWEJ
Nazwa ogólna lub geograficzna Grunt
Określnik ogólny fizyka
856 ## - LOKALIZACJA I DOSTĘP DO ELEKTRONICZNYCH DOKUMENTÓW ZDALNYCH
Link (URL) http://koha.tu.koszalin.pl/cgi-bin/koha/opac-detail.pl?biblionumber=43235
Tekst linku Katalog online BPK
942 ## - DODATKOWE ELEMENTY (KOHA)
Typ dokumentu Książka
Egzemplarze
Wycofany Status egzemplarza Uszkodzony Dostępność Lokalizacja stała Lokalizacja bieżąca Miejsce przechowywania Sygnatura Kod kreskowy Typ dokumentu
      Dostępny Biblioteka Politechniki Koszalińskiej Biblioteka Politechniki Koszalińskiej Wypożyczalnia BG 68448 02014654 Książka
© 2023 Biblioteka Politechniki Koszalińskiej :: KOHA